000 00590nam a2200181 4500
001 123202
003 ES-MaACL
005 20230906192129.0
007 t|
008 070214s1978 sp r ||||0| spa d
245 0 0 _aPsicología contemporánea /
_ccon introducciones de Richard C. Atkinson... ; versión... Celedonio Riesco Hernández.
250 _a1ª ed., 1ª reimp.
260 _aMadrid :
_bH. Blume,
_c1978.
300 _a554 p :
_bil ;
_c28 cm.
700 1 _aAtkinson, Richard C.
_923758
700 1 _aRiesco Hernández, Celedonio.
_997153
852 _aES-MaACL
_jA-9398
_bR.98488
999 _c123202
_d123202